00699nam a2200193 i 450000100060000000300090000600500170001500700030003200800410003510000300007624501200010625000120022626000400023830000300027870000360030885200220034499900170036695201220038392847ES-MaACL20230906181054.0t|050329s1974 sp ||||1| spa d1 aLipsey, Richard G.97251610aIntroducción a la economía positiva / cG. Richard Lipsey; traducción y nota preliminar de J. Hortalá Arau. a8ª ed. aBarcelona : bVicens-Vives, c1974. aXXVIII, 855 p. ; c23 cm.1 aHortalà i Arau, Joan.9158761 aES-MaACLjC-56275 c92847d92847 00104070aATENEOMbATENEOMcDEPO2d2008-01-17eSCl0oC-56275p1096927r2023-02-23 00:00:00w2023-02-23yMONOGRAFIA